000 01344nam0a22002651 4500
001 rc\294279
005 20260407134740.0
035 _a(NLR Aleph) 005525117
090 _a5549737
_c5549737
100 _a20030307d1990 |||y0rusy50 ca
101 0 _arus
102 _aRU
105 _aa |||||||||
200 1 _aВысокотемпературное формование макаронных изделий через нагретые матрицы
_f[Г.М. Медведев и др.]
210 _aМ.
_cЦНИИТЭИ хлебопродуктов
_d1990
215 _a21, [2] с., [2] л. ил.
_d22
225 1 _aХлебопекарная и макаронная промышленность
_eОбзор. информ.
_fВНПО "Зернопродукт". ЦНИИ информ. и техн.-экон. исслед.
320 _aБиблиогр.: с. 22 (7 назв.)
702 1 _aМедведев
_bГ.М.
_gГеоргий Михайлович
_4220
712 0 2 _a"Зернопродукт", всесоюзное научно-производственное объединение
_bЦНИИ информации и технико-экономических исследований
_3RU\NLR\AUTH\8810002628
_9502481
801 0 _aRU
_bNLR
_gpsbo
801 1 _aRU
_bELAR
_2rusmarc
852 _aNLR
_j90-6/2413
942 _cBOOK
980 _aNB